Top 10 all-time ligues top 5 (UEFA) - Statistiques

Statistiques générales
  • Ce quiz a été pris 85 fois
  • Le résultat moyen est 29 sur 50
Statistiques - réponses
Premier League(1992- ) Points % Correct
Olympique Lyonnais 3805
99%
Arsenal 2445
96%
Liverpool 2384
96%
Chelsea 2358
93%
Olympique de Marseille 4336
93%
Barcelone 6036
91%
Real Madrid 6206
91%
Bayern Munich 4203
87%
Inter Milan 5714
87%
Juventus 5926
87%
AC Milan 5401
85%
PSG 3409
82%
Borussia Dortmund 3247
81%
Atletico Madrid 4981
78%
Tottenham 1980
76%
Séville 3991
70%
Girondins de Bordeaux 3918
69%
Bayer Leverkusen 2546
66%
Lazio 4065
66%
Lille 3482
66%
Saint-Etienne 3882
64%
Valence 4614
64%
Aston Villa 1603
63%
AS Monaco 3984
61%
AS Rome 4938
61%
Nice 3350
60%
Stade Rennais 3249
60%
Everton 1735
55%
Lens 3234
55%
Napoli 4141
55%
Manchester United 2588
51%
Newcastle 1643
51%
West Ham 1417
51%
Manchester City 1933
49%
Real Sociedad 3655
49%
Fiorentina 4381
48%
Athletic Bilbao 4719
45%
Schalke 04 2563
39%
Eintracht Francfort 2623
36%
Hambourg 2755
36%
Stuttgart 2927
30%
Torino 3859
30%
Werder Breme 3034
25%
Borussia Monchengladbach 2863
24%
Espanyol 3732
24%
Cologne 2507
22%
Real Betis 2750
16%
Sampdoria 2961
16%
Bologne 3697
15%
Real Saragosse 2617
6%
Aucun quiz correspondant
Distribution des résultats
% des personnes avec chaque résultat
Percentile par nombre de réponses
Votre historique - résultats
Vous n’avez pas pris ce quiz